| 000 | 02175nam a2200409 a 4500 | ||
|---|---|---|---|
| 001 | ebr10639360 | ||
| 003 | CaPaEBR | ||
| 006 | m u | ||
| 007 | cr cn||||||||| | ||
| 008 | 120816s2012 aru sb s001 0 eng d | ||
| 010 | _z 2012031047 | ||
| 020 | _z9781557289919 (cloth : alk. paper) | ||
| 020 | _z1557289913 | ||
| 020 | _z9781610755092 (e-book) | ||
| 040 |
_aCaPaEBR _cCaPaEBR |
||
| 035 | _a(OCoLC)828869010 | ||
| 043 | _an-us-nc | ||
| 050 | 1 | 4 |
_aF264.G8 _bJ68 2012eb |
| 082 | 0 | 4 |
_a305.8009756/62 _223 |
| 100 | 1 |
_aJovanovic, Spoma, _d1958- |
|
| 245 | 1 | 0 |
_aDemocracy, dialogue, and community action _h[electronic resource] : _btruth and reconciliation in Greensboro / _cSpoma Jovanovic. |
| 260 |
_aFayetteville : _bUniversity of Arkansas Press, _c2012. |
||
| 300 | _axv, 226 p. | ||
| 504 | _aIncludes bibliographical references and index. | ||
| 505 | 0 | _aThe Greensboro massacre, November 3, 1979 -- Grave consequences -- An unfolding history of social unrest -- Truth and reconciliation commissions seek healing, not vengeance -- The Greensboro's Truth and Reconciliation Commission : principles and processes -- The commission's final report : recovering the truth -- The public's response -- The politics of an apology -- Measures of success -- Greensboro's legacy is hidden no more. | |
| 533 |
_aElectronic reproduction. _bPalo Alto, Calif. : _cebrary, _d2013. _nAvailable via World Wide Web. _nAccess may be limited to ebrary affiliated libraries. |
||
| 610 | 2 | 0 |
_aKu Klux Klan (1915- ) _zNorth Carolina _zGreensboro _xHistory _y20th century. |
| 650 | 0 |
_aTruth commissions _zNorth Carolina _zGreensboro. |
|
| 650 | 0 |
_aReconciliation _xSocial aspects _zNorth Carolina _zGreensboro. |
|
| 650 | 0 |
_aAfrican Americans _zNorth Carolina _zGreensboro. |
|
| 650 | 0 |
_aMassacres _zNorth Carolina _zGreensboro _xHistory _y20th century. |
|
| 650 | 0 |
_aNazis _zNorth Carolina _zGreensboro _xHistory _y20th century. |
|
| 651 | 0 |
_aGreensboro (N.C.) _xRace relations. |
|
| 655 | 7 |
_aElectronic books. _2local |
|
| 710 | 2 | _aebrary, Inc. | |
| 856 | 4 | 0 |
_uhttp://site.ebrary.com/lib/rucke/Doc?id=10639360 _zAn electronic book accessible through the World Wide Web; click to view |
| 999 |
_c48750 _d48750 |
||